| 000 | 01566 a2200265 4500 | ||
|---|---|---|---|
| 003 | Nust | ||
| 005 | 20221024093635.0 | ||
| 020 | _a9781782163169 | ||
| 035 | _a(WaSeSS)ssj0001140135 | ||
| 035 | _a(WaSeSS)ssj0001140135 | ||
| 035 | _a(WaSeSS)ssj0001140135 | ||
| 040 | _cNust | ||
| 082 | _a005.8028,MUN | ||
| 100 | 1 |
_aMuniz, Joseph _995230 |
|
| 245 | 1 | 0 |
_a"Web penetration testing with Kali Linux : a practical guide to implementing penetration testing strategies on websites, web applications, and standard web protocols with Kali Linux / _cJoseph Muniz, Aamir Lakhani |
| 260 |
_c2013 _aPacket Publishing _bMumbai |
||
| 300 | _aviii;321p | ||
| 505 | _aPenetration testing and setup (Page-7), Reconnaissance (Page 33), Server -side attacks (Page 73), Client-side attacks (Page 129), Attacking authentication(page 175), Web attacks(page 211), Defensive countermeasures (Page-251), Penetration test executive report (Page-277), Index (Page-313). | ||
| 650 | 4 |
_aTelecommunications _9736 |
|
| 655 | 4 | _aElectronic books | |
| 856 | 4 | 0 | _uhttp://costello.pub.hb.se/login?url=http://proquest.safaribooksonline.com/9781782163169 |
| 856 | 4 | 0 | _uhttp://miman.bib.bth.se/login?url=http://proquest.safaribooksonline.com/9781782163169 |
| 856 | 4 | 0 | _uhttp://sfxeu10.hosted.exlibrisgroup.com/sfxjon/?url_ver=Z39.88-2004&ctx_ver=Z39.88-2004&ctx_enc=info:ofi/enc:UTF-8&rfr_id=info:sid/sfxit.com:opac_856&url_ctx_fmt=info:ofi/fmt:kev:mtx:ctx&sfx.ignore_date_threshold=1&rft.object_id=2550000001120678&svc_val_fmt=info:ofi/fmt:kev:mtx:sch_svc& |
| 942 |
_2ddc _cBK _k005.8028,MUN |
||
| 999 |
_c211188 _d211188 |
||